|
|
|
|
| LEADER |
00000nab a2200000ua 4500 |
| 001 |
vtls010802590 |
| 003 |
SK-MaSNL |
| 005 |
20260303124143.0 |
| 008 |
230214s2007 xo |||||||||||||||||eng| |
| 035 |
|
|
|a (urnnbn)urn:nbn:sk:snk:ar-a03iq3
|
| 035 |
|
|
|a (uuid)7a3f8f3b-e2ba-49f0-9b82-b8acdbd10593
|
| 035 |
|
|
|a urn:nbn:sk:snk-ab5ao5
|
| 040 |
|
|
|a SNKBUCL
|b slo
|c SNKBUCL
|e AACR2
|
| 041 |
0 |
|
|a eng
|
| 044 |
|
|
|a xo
|c SK
|
| 100 |
1 |
|
|a Sudzinova, A.
|4 aut
|9 1140853
|
| 245 |
1 |
0 |
|a Optimal pacing site in right ventricle - electrophysiological view
|c A. Sudzinova, B. Stancak, E. Sedlakova, J. Sedlak, P. Olexa, P. Spurny, Z. Machacova
|
| 700 |
1 |
|
|a Stancak, B.
|4 aut
|9 1140854
|
| 700 |
1 |
|
|a Sedláková, Eva,
|d 1966-
|4 aut
|9 218149
|
| 700 |
1 |
|
|a Sedlak, J.
|4 aut
|9 358597
|
| 700 |
1 |
|
|a Olexa, P.
|4 aut
|9 873116
|
| 700 |
1 |
|
|a Spurny, P.
|4 aut
|9 1140856
|
| 700 |
1 |
|
|a Machacova, Z.
|4 aut
|9 1140857
|
| 773 |
0 |
|
|t Bratislavské lekárske listy
|g Roč. 108, č. 1 (2007), s. 46
|
| 958 |
|
|
|a OND
|
| 958 |
|
|
|a EUIPO
|
| 958 |
|
|
|a article3
|
| 999 |
|
|
|c 1929321
|d 1931251
|